Chambers compact thesaurus. (2nd ed.) (Record no. 37050)

MARC details
000 -LEADER
fixed length control field 00690nam a2200193 a 4500
008 - FIXED-LENGTH DATA ELEMENTS--GENERAL INFORMATION
fixed length control field 130419s2008 ||||||||||||||||| || u
020 ## - INTERNATIONAL STANDARD BOOK NUMBER
International Standard Book Number 9780550103314
050 ## - LIBRARY OF CONGRESS CALL NUMBER
Classification number PE 1591 Cha
100 ## - MAIN ENTRY--PERSONAL NAME
Personal name Aldus, Vicky
245 10 - TITLE STATEMENT
Title Chambers compact thesaurus. (2nd ed.)
Statement of responsibility, etc. edited by Ian Brooks (and others)
250 ## - EDITION STATEMENT
Edition statement 2nd ed.
260 ## - PUBLICATION, DISTRIBUTION, ETC.
Place of publication, distribution, etc. Edinburgh:
Name of publisher, distributor, etc. Chambers Harrap Publishers Ltd
Date of publication, distribution, etc. 2008
300 ## - PHYSICAL DESCRIPTION
Extent viii, 760p.
650 ## - SUBJECT ADDED ENTRY--TOPICAL TERM
Topical term or geographic name entry element ENGLISH--DICTIONARIES
650 ## - SUBJECT ADDED ENTRY--TOPICAL TERM
Topical term or geographic name entry element ENGLISH LANGUAGE--SYNONYMS AND ANTONYMS
700 ## - ADDED ENTRY--PERSONAL NAME
Personal name Brooks, Ian
700 ## - ADDED ENTRY--PERSONAL NAME
Personal name Bulhosen, Pat
995 ## - RECOMMENDATION 995 [LOCAL, UNIMARC FRANCE]
-- CBU-MAIN LIBRARY (Kitwe)
-- 1
-- REFERENCE
-- Jun 20, 2013
-- Reference Collection
Holdings
Withdrawn status Lost status Source of classification or shelving scheme Damaged status Not for loan Home library Current library Shelving location Date acquired Total Checkouts Full call number Barcode Date last seen Price effective from Koha item type
          CBU-MAIN LIBRARY, KITWE. CBU-MAIN LIBRARY, KITWE.   11/30/2022   PE 1591 Cha 743980 11/30/2022 11/30/2022 MONOGRAPH